UBT Library

The British fertility decline : (Record no. 41488)

000 -LEADER
fixed length control field 00683cam a2200229 a 4500
001 - CONTROL NUMBER
control field 4731561
005 - DATE AND TIME OF LATEST TRANSACTION
control field 20180201042419.0
008 - FIXED-LENGTH DATA ELEMENTS--GENERAL INFORMATION
fixed length control field 840130s1984 njuab b 001 0 eng
010 ## - LIBRARY OF CONGRESS CONTROL NUMBER
LC control number 84002152
020 ## - INTERNATIONAL STANDARD BOOK NUMBER
International Standard Book Number 0691094055 (alk. paper) :
Terms of availability $40.00
040 ## - CATALOGING SOURCE
Original cataloging agency DLC
Transcribing agency DLC
Modifying agency DLC
041 ## - LANGUAGE CODE
Language code of text/sound track or separate title eng
043 ## - GEOGRAPHIC AREA CODE
Geographic area code e-uk---
080 ## - UNIVERSAL DECIMAL CLASSIFICATION NUMBER
Universal Decimal Classification number 304.6320941 TEI
082 00 - DEWEY DECIMAL CLASSIFICATION NUMBER
Classification number 304.6320941 TEI
Edition number 19
100 1# - Rafti
Rafti 19
101 ## - Shkurtesa
Shkurtesa POL
245 14 - TITLE STATEMENT
Title The British fertility decline :
Statement of responsibility, etc Michael S. Teitelbaum.
504 ## - BIBLIOGRAPHY, ETC. NOTE
Bibliography, etc Bibliography: p. 246-261.
906 ## - LOCAL DATA ELEMENT F, LDF (RLIN)
a 7
b cbc
c orignew
d 1
e ocip
f 19
g y-gencatlg
942 ## - ADDED ENTRY ELEMENTS (KOHA)
Source of classification or shelving scheme
Item type Books
Holdings
Withdrawn status Lost status Source of classification or shelving scheme Damaged status Not for loan Collection code Permanent location Current location Shelving location Date acquired Total Checkouts Full call number Barcode Date last seen Price effective from Koha item type
          Koleksioni i përgjithshem UBT - Lipjan UBT - Lipjan Koleksioni i përgjithshem 02/01/2018   304.6320941 TEI 002-2997733 02/01/2018 02/01/2018 Books
UBT Library © 2015-2024. All rights reserved University Education for Business and Technology